Figuras cumbre del arte contemporaneo español. (Record no. 127162)
[ view plain ]
| 000 -LEADER | |
|---|---|
| campo de control de longitud fija | 01550nam a2200301 i 4500 |
| 001 - NÚMERO DE CONTROL | |
| campo de control | 127162 |
| 003 - IDENTIFICADOR DE NÚMERO DE CONTROL | |
| campo de control | ES-MaACL |
| 005 - FECHA Y HORA DE LA ÚLTIMA TRANSACCIÓN | |
| campo de control | 20251003184440.0 |
| 007 - CAMPO FIJO DE DESCRIPCIÓN FÍSICA--INFORMACIÓN GENERAL | |
| campo de control de longitud fija | t| |
| 008 - DATOS DE LONGITUD FIJA--INFORMACIÓN GENERAL | |
| campo de control de longitud fija | 170619s1945 sp r ||||1| spa d |
| 245 00 - MENCIÓN DEL TÍTULO | |
| Título | Figuras cumbre del arte contemporaneo español. |
| Número de parte o sección de la obra | II. |
| 260 ## - PUBLICACIÓN, DISTRIBUCIÓN, ETC. | |
| Lugar de publicación, distribución, etc. | Barcelona : |
| Nombre del editor, distribuidor, etc. | Archivo de Arte, |
| Fecha de publicación, distribución, etc. | [1945?] |
| 300 ## - DESCRIPCIÓN FÍSICA | |
| Extensión | 1 v. : |
| Otras características físicas | pricipalmente il. col. ; |
| Dimensiones | 34 cm. |
| 505 0# - NOTA DE CONTENIDO CON FORMATO | |
| Nota de contenido con formato | Ivo Pascual / Juan Teixidor (10 h. de lám., 1 retr., 2 h. de texto). Ceferino Olivé / Fernando Gutiérrez (10 h. de lám., 1 retr., 2 h. de texto). Rafael Durancamps / César González Ruano (10 h. de lám., 1 retr., 2 h. de texto). Manolo Hugué / Juan Teixidor (10 h. de lám., 1 retr., 2 h. de texto). Francisco Ribera / José Prados López (10 h. de lám., 1 retr., 2 h. de texto) |
| 594 ## - Nota al título y mención de responsabilidad | |
| Nota al título y mención de responsabilidad | Cada artista con retrato y reproducción de obras en láminas en blanco y negro y color, montadas sobre papel, más 2 h. con texto de presentación. |
| 600 14 - PUNTO DE ACCESO ADICIONAL DE MATERIA--NOMBRE DE PERSONA | |
| Nombre de persona | Pascual, Ivo. |
| 9 (RLIN) | 163076 |
| 600 17 - PUNTO DE ACCESO ADICIONAL DE MATERIA--NOMBRE DE PERSONA | |
| Nombre de persona | Olivé, Ceferino, |
| Fechas asociadas al nombre | 1907-1995 |
| Fuente del encabezamiento o término | |
| 9 (RLIN) | 163077 |
| 600 14 - PUNTO DE ACCESO ADICIONAL DE MATERIA--NOMBRE DE PERSONA | |
| Nombre de persona | Durancamps, Rafael. |
| 9 (RLIN) | 46244 |
| 600 17 - PUNTO DE ACCESO ADICIONAL DE MATERIA--NOMBRE DE PERSONA | |
| Nombre de persona | Hugué, Manolo, |
| Fechas asociadas al nombre | 1872-1945 |
| Fuente del encabezamiento o término | |
| 9 (RLIN) | 152435 |
| 600 14 - PUNTO DE ACCESO ADICIONAL DE MATERIA--NOMBRE DE PERSONA | |
| Nombre de persona | Ribera Gómez, Francisco ( |
| Fechas asociadas al nombre | 1907-1990) |
| 9 (RLIN) | 163078 |
| 650 00 - PUNTO DE ACCESO ADICIONAL DE MATERIA--TÉRMINO DE MATERIA | |
| Término de materia o nombre geográfico como elemento de entrada | Arte español- |
| Subdivisión cronológica | S.XX. |
| 9 (RLIN) | 10202 |
| 700 1# - ENTRADA AGREGADA--NOMBRE PERSONAL | |
| Nombre de persona | Teixidor, Joan ( |
| Fechas asociadas al nombre | 1913-1992) |
| 9 (RLIN) | 109541 |
| 700 1# - ENTRADA AGREGADA--NOMBRE PERSONAL | |
| Nombre de persona | Gutiérrez, Fernando, |
| Fechas asociadas al nombre | 1911-1984 |
| 9 (RLIN) | 156260 |
| 700 1# - ENTRADA AGREGADA--NOMBRE PERSONAL | |
| Nombre de persona | González-Ruano, César, |
| Fechas asociadas al nombre | 1903-1965 |
| 9 (RLIN) | 58936 |
| 700 1# - ENTRADA AGREGADA--NOMBRE PERSONAL | |
| Nombre de persona | Prados López, José. |
| 9 (RLIN) | 93642 |
| 852 ## - LOCALIZACIÓN | |
| Ubicación | ES-MaACL |
| Número de control de estantería | B-2914 |
| Nota libre | - Enc. tela |
| Estatus retirado | Estado de pérdida | Estado de daño | No para préstamo | Biblioteca de origen | Biblioteca actual | Ubicación en estantería | Fecha de adquisición | Fuente de adquisición | Total de préstamos | Signatura topográfica completa | Código de barras | Visto por última vez | Precio de reemplazo | Tipo de ítem Koha |
|---|---|---|---|---|---|---|---|---|---|---|---|---|---|---|
| Biblioteca del Ateneo de Madrid | Biblioteca del Ateneo de Madrid | Sala Pardo Bazán | 19/06/2017 | B-2914 | 1197745 | 23/02/2023 | 23/02/2023 | Libro impreso |
